<?xml version="1.0" encoding="UTF-8"?>
<collection xmlns="http://www.loc.gov/MARC21/slim">
 <record>
  <leader>00778pamaa2200205   4500</leader>
  <controlfield tag="001">0000041822</controlfield>
  <controlfield tag="005">20140506090000.0</controlfield>
  <controlfield tag="008">070423                             eng  </controlfield>
  <datafield tag="020" ind1="0" ind2="0">
   <subfield code="a">0072263423 (pbk.) </subfield>
  </datafield>
  <datafield tag="090" ind1="0" ind2="0">
   <subfield code="a">TK5105.78 </subfield>
   <subfield code="b">CAR 2007</subfield>
  </datafield>
  <datafield tag="100" ind1="1" ind2="1">
   <subfield code="a">Carpenter </subfield>
  </datafield>
  <datafield tag="245" ind1="1" ind2="0">
   <subfield code="a">Wireless# : </subfield>
   <subfield code="b">certification official study guide : </subfield>
   <subfield code="b">certification official study guide : </subfield>
   <subfield code="b">exam PWO-050  </subfield>
   <subfield code="c">Tom Carpenter.</subfield>
  </datafield>
  <datafield tag="260" ind1="0" ind2="0">
   <subfield code="a">New York: </subfield>
   <subfield code="b">McGraw-Hill/Osborne, </subfield>
   <subfield code="c">2007.</subfield>
  </datafield>
  <datafield tag="300" ind1=" " ind2=" ">
   <subfield code="a">xxviii, 436p: </subfield>
   <subfield code="b">ill; </subfield>
   <subfield code="c">24 cm.</subfield>
  </datafield>
  <datafield tag="501" ind1="0" ind2="0">
   <subfield code="a">FOCIT</subfield>
  </datafield>
  <datafield tag="504" ind1="0" ind2="0">
   <subfield code="a">Includes bibliographical references and index</subfield>
  </datafield>
  <datafield tag="650" ind1="0" ind2="0">
   <subfield code="a">Wireless communication systems -- </subfield>
   <subfield code="x">Security measures </subfield>
  </datafield>
  <datafield tag="650" ind1="0" ind2="0">
   <subfield code="a">Computer networks -- </subfield>
   <subfield code="x">Security measures </subfield>
  </datafield>
  <datafield tag="650" ind1="0" ind2="0">
   <subfield code="a">Wireless LANs -- </subfield>
   <subfield code="x">Security measures </subfield>
  </datafield>
  <datafield tag="901" ind1=" " ind2=" ">
   <subfield code="u">http://www.osborne.com</subfield>
  </datafield>
 </record>
</collection>
